|
|
|
|
| LEADER |
00000cam a2200000 a 4500 |
| 001 |
vtls010330268 |
| 003 |
SK-MaSNL |
| 005 |
20260301173421.0 |
| 008 |
150827s2011 xo koc e 000 0 slo |
| 015 |
|
|
|a SNBA2012/08-04611
|
| 020 |
|
|
|a 9788055206738 (brož.)
|
| 035 |
|
|
|a 2A5677E5-DA52-4594-BF3A-13AC8ED6277B
|
| 035 |
|
|
|a urn:nbn:sk:snk-amjjcu
|
| 035 |
|
|
|a urn:nbn:sk:snk-am002cu2
|
| 040 |
|
|
|a SNK
|b slo
|c SNK
|e AACR2
|
| 041 |
0 |
|
|a slo
|b eng
|
| 044 |
|
|
|a xo
|c SK
|
| 072 |
|
7 |
|a 633
|x Rastlinná výroba
|2 konspekt
|
| 072 |
|
7 |
|a 575
|x Všeobecná genetika. Všeobecná cytogenetika. Evolúcia
|2 konspekt
|
| 080 |
|
|
|a 633.11
|2 2001
|
| 080 |
|
|
|a 575.22
|2 2001
|
| 080 |
|
|
|a 577.21
|2 2001
|
| 080 |
|
|
|a 582.542.11
|2 2001
|
| 080 |
|
|
|a 581.169
|2 2001
|
| 080 |
|
|
|a 575.113.088
|2 2001
|
| 080 |
|
|
|a (048.8)
|2 2001
|
| 245 |
0 |
0 |
|a Bielkovinové a DNA markery pšenice
|c Zdenka Gálová ... [et al.]
|
| 250 |
|
|
|a 1. vyd.
|
| 260 |
|
|
|a Nitra
|b Slovenská poľnohospodárska univerzita
|c 2011
|
| 300 |
|
|
|a 175 s.
|b fareb. fotogr., grafy, tab.
|c 25 cm
|
| 366 |
|
|
|e 50 výt.
|
| 504 |
|
|
|a Bibliogr. odkazy. Zoz. tab. Zoz. obr. Zoz. príloh
|
| 546 |
|
|
|a Res. angl.
|
| 650 |
0 |
7 |
|a pšenica
|2 SNKPH
|9 21833
|
| 650 |
0 |
7 |
|a genotyp
|2 SNKPH
|9 19992
|
| 650 |
0 |
7 |
|a DNA (nukleová kyselina)
|2 SNKPH
|9 21363
|
| 650 |
0 |
7 |
|a Wheat
|2 SNKPHeng
|9 358568
|
| 650 |
0 |
7 |
|a Genotype
|2 SNKPHeng
|9 329315
|
| 650 |
0 |
7 |
|a Plant genetics
|2 SNKPHeng
|9 268545
|
| 650 |
0 |
7 |
|a genetika rastlín
|2 SNKPH
|9 1659
|
| 650 |
0 |
7 |
|a Deoxyribonucleic acid
|2 SNKPHeng
|9 333820
|
| 650 |
0 |
7 |
|a Molecular markers
|2 SNKPHeng
|9 444516
|
| 650 |
0 |
7 |
|a molekulárne markery
|2 SNKPH
|9 247468
|
| 655 |
|
7 |
|a monografie
|2 SNKPH
|9 70139
|
| 655 |
|
7 |
|a Monographs
|2 SNKPHeng
|9 120675
|
| 700 |
1 |
|
|a Gálová, Zdenka,
|d 1954-
|4 aut
|9 8258
|
| 700 |
1 |
|
|a Balážová, Želmíra,
|d 1976-
|4 aut
|9 188313
|
| 700 |
1 |
|
|a Chňapek, Milan,
|d 1977-
|4 aut
|9 249148
|
| 700 |
1 |
|
|a Vivodík, Martin,
|d 1981-
|4 aut
|9 217749
|
| 700 |
1 |
|
|a Oslovičová, Veronika
|4 aut
|9 544270
|
| 852 |
|
|
|a Štátna vedecká knižnica v Banskej Bystrici
|
| 919 |
|
|
|a 978-80-552-0673-8
|
| 958 |
|
|
|a NB
|
| 968 |
|
|
|d 63
|
| 999 |
|
|
|c 836610
|d 838540
|
| 952 |
|
|
|a SNK
|b SNK
|y PREZ
|7 0
|p 17A1033237
|o snkSC 150718
|i snk2012/15615
|8 0
|0 0
|1 0
|4 0
|d 2012-08-06
|l 0
|r 2025-07-21 00:00:00
|w 2026-02-24
|
| 952 |
|
|
|a SNK
|b SNK
|y VYP
|7 0
|p 17A1033236
|o snkSC 150718 D1
|i snk2012/15616
|8 0
|0 0
|1 0
|4 0
|d 2012-08-06
|f 1
|l 0
|r 2026-02-24 03:56:56
|w 2026-02-24
|